000 00194 a2200097 4500
020 _a9788449438387
041 _aspa
100 _aDisney
245 _aAprendo a leer con los cuentos
942 _cBK
999 _c29494
_d29492